| 000 | 00831cab a2200241 4500 | ||
|---|---|---|---|
| 001 | ABS57713 | ||
| 008 | 090401t1997 xxu||||| |||| 00| 0 eng d | ||
| 035 | _a(Sirsi) u81451 | ||
| 041 | _aeng | ||
| 100 | _aRedman, T. | ||
| 245 | _aChurch inspections | ||
| 260 | _c1997 | ||
| 350 | _a0 | ||
| 490 |
_aRICS Building Conservation Journal _v(17) Summer 1997, (4) |
||
| 520 | _aA guidance note on church inspections, prepared in conjunction with the RICS Building Conservation Practice Panel. Includes do`s and don`ts, outline of a quinquennial inspection report, various denominations and useful addresses. | ||
| 650 | _aCHURCH INSPECTIONS | ||
| 650 | _aCHURCHES | ||
| 650 | _aGUIDANCE NOTE | ||
| 650 | _aQUINQUENNIAL INSPECTIONS | ||
| 690 | _aBUILT ENVIRONMENT-BUILDING INSPECTION | ||
| 942 | _n0 | ||
| 948 | _c15/10/1997 | ||
| 999 |
_c51319 _d51319 |
||